000
00257nam a22001217a 4500
008
181022b xxu||||| |||| 00| 0 eng d
041
_a
eng
080
_a
821
100
_a
21
101
_a
GJL
245
_a
Southern Excursions
_c
Leary, L
942
_2
udc
_c
BK
999
_c
50558
_d
50558